U.S. Cities With The Least Traffic - Statistics

General Stats
  • This quiz has been taken 16 times
  • The average score is 5 of 13
Answer Stats
# City Time % Correct
7 Madison 9 Hours
80%
9 Tucson 10 Hours
80%
10 Tulsa 10 Hours
70%
5 Fresno 9 Hours
60%
4 Lincoln 7 Hours
40%
13 Lubbock 10 Hours
40%
2 Wichita 6 Hours
40%
8 Winston-Salem 9 Hours
40%
1 Greensboro 4 Hours
20%
3 Corpus Christi 6 Hours
10%
11 Toledo 10 Hours
10%
12 Durham 10 Hours
0%
6 Fort Wayne 9 Hours
0%
No matching quizzes found
Score Distribution
Percent of People with Each Score
Percentile by Number Answered
Your Score History
You have not taken this quiz